Régions ayant le plus voté pour Les Républicains (2022) - Statistiques

Statistiques générales
  • Ce quiz a été pris 16 fois
    10 depuis la dernière actualisation
  • Le résultat moyen est 9 sur 17
Statistiques - réponses
Score Région % Correct
6,33% Corse
100%
6,19% Île-de-France
100%
5,33% Centre-Val-de-Loire
83%
2,95% Guadeloupe
67%
2,78% Guyane
67%
2,81% La Réunion
67%
3,85% Martinique
67%
5,15% Auvergne Rhône-Alpes
50%
4,70% Bretagne
50%
5,12% Bourgogne Franche-Comté
33%
4,33% Grand Est
33%
3,53% Hauts-de-France
33%
4,47% Normandie
33%
4,60% Nouvelle-Aquitaine
33%
3,90% Occitanie
33%
5,02% Pays de la Loire
33%
4,38% Provence-Alpes-Côte-d'Azur
33%
Aucun quiz correspondant
Distribution des résultats
% des personnes avec chaque résultat
Percentile par nombre de réponses
Votre historique - résultats
Vous n’avez pas pris ce quiz depuis la dernière actualisation